[Event "Linares 16th"]
[Site "Linares"]
[Date "1999.03.02"]
[Round "8"]
[White "Topalov, Veselin"]
[Black "Kramnik, Vladimir"]
[Result "1/2-1/2"]
[WhiteElo "2700"]
[BlackElo "2751"]
[Annotator "Blatny,P"]
[PlyCount "62"]
[EventDate "1999.02.21"]
[EventType "tourn"]
[EventRounds "14"]
[EventCountry "ESP"]
[EventCategory "20"]
[SourceTitle "CBM 070"]
[Source "ChessBase"]
[SourceDate "1999.06.08"]
[SourceVersion "1"]
[SourceVersionDate "1999.06.08"]
[SourceQuality "1"]

1. e4 e5 2. Nf3 Nf6 3. Nxe5 d6 4. Nxf7 $5 {Obwohl diese Opfer vieleicht nicht
hundertprozentig korrekt ist, kann man Topalov's Mut nur loben. Im heutigen
Spitzenschach mit sehr exzessiven Hausvorbereitungen spielt das
Überraschungsmoment eine immer grössere Rolle. Mir persönlich ist diese Art
von "wirklichem" spielerischen Schach viel sympathischer als die Wiederholung
von langen häuslichen Analysen. Psychologisch gesehen hat Weiss durch diese
"Provokation" im 4. Zug einen kleinen Vorteil (und das sogar gegen Kramnik,
den wahrscheinlich besten Kenner von Russisch!).} Kxf7 5. Nc3 {Ein Blick in
die Datenbank zeigt, dass ein paar schlechtere Züge Schwarz sehr schnell eine
Katastrophe bringen können, auch nach "originellen" Fortsetzung von "Erfinder"
Cochrane:} (5. Bc4+ Ke8 (5... Be6 6. Bxe6+ Kxe6 7. d4 Kf7 8. Qf3 Nc6 9. c3 Be7
10. Bf4 Re8 11. Nd2 Kg8 {Schwarz hat zwar hier die Entwicklung des
"Problemturms h8" optimal gelöst und seinen König in relative Sicherheit durch
die künstliche Rochade gebracht, aber im weiteren Verlauf nutzt Weiss sein
starkes Bauernzentrum und einige gegnerische Fehler zur langsamen "Erstickung"
der schwarzen Stellung.} 12. O-O-O Nd7 $6 (12... a5 $5) (12... Qd7 {/\b5}) 13.
h4 $1 Nf8 14. Qg3 Ng6 $2 (14... Ne6 $142) 15. Bg5 Qd7 16. f4 d5 $6 (16... Nh8
$5 {[%cal Gh8f7,Ge7f8]}) 17. f5 Bxg5 18. Qxg5 Nf8 19. e5 h6 20. Qf4 Nd8 21. g4
Qa4 22. Kb1 c5 23. g5 hxg5 $6 24. hxg5 $18 {Majdanics,I-Duzs,J/Aggtelek 1993/
EXT 97 und Weiss gewann einige Zuege spaeter.}) 6. O-O Nc6 (6... c5 7. h3 Qc7
$6 (7... Nc6) 8. f4 Nc6 9. Nc3 a6 10. a4 Qe7 $6 11. Nd5 $5 Qd8 $2 (11... Nxd5
$142 12. exd5 $140 Qf7 $1) 12. d4 $6 {Damalige Befehl lautete: Zeit ist
wichtiger als Material...} cxd4 (12... Nxd4 $142) 13. e5 $6 Nxd5 (13... dxe5
14. Nxf6+ gxf6 15. Qh5+ Kd7 16. fxe5 Nxe5 {gefolgt von Kc7, Ld6 und Ld7 sollte
Schwarzen zum Gewinn reichen.}) 14. Bxd5 dxe5 15. Bxc6+ bxc6 16. Qh5+ Kd7 17.
fxe5 Kc7 18. Rf7+ Kb8 19. e6 Bd6 20. Bg5 Qb6 21. a5 Qc5 $4 (21... Qb5 $1) 22.
b4 $4 (22. Bf4 $3 Qb4 23. c3 $1 dxc3 24. bxc3 $18) 22... Qe5 $4 (22... Qc3 $1
$19) 23. Bf4 $1 Qxe6 $4 (23... Qxf4 $8 24. Rxf4 Bxf4 25. Re1 {und wegen der
schlecht koordinierten schwarzen Figuren behaelt Weiss einige Gewinnchancen.})
24. Qc5 $1 {Endlich ist diese Komödie der Irrtümer zu Ende!} Qxf7 25. Bxd6+ {
1-0 Cochrane,J-Mohishunder/Calcutta 1848/EXT 99 (25)}) 7. d4 Bg4 8. f3 Bh5 9.
Bg5 Be7 10. Re1 Bf7 11. Qd3 Na5 $6 (11... Bxc4 12. Qxc4 d5 $17) 12. Bb3 $6 (12.
Bxf7+ Kxf7 13. b4 Nc6 14. b5 $44) 12... Nxb3 13. axb3 h6 (13... c6) 14. Bxf6
Bxf6 15. e5 dxe5 16. Qb5+ Kf8 $6 (16... Qd7 $17) 17. dxe5 Bh4 18. g3 Qd4+ $6
19. Kg2 Be7 20. Nc3 Bc5 (20... Qb4) 21. Re2 Kg8 $2 22. Qxb7 Kh7 23. Rd1 $16 {
Hornetz,B-Eske,A/Polch 1993/GER, nach beideseitigen Fehlern Remis im 34. Zug.})
5... c5 {Ein prophylaktischer Zug, Kramnik versucht den Aufbau eines starken
weissen Bauernzentrums zu verhindern. Die Alternativen geben ihm Recht:} (5...
Be7 6. Bc4+ Be6 7. Bxe6+ Kxe6 8. f4 Nc6 (8... Re8 $5 9. d4 Kf7 10. e5 $140 dxe5
11. fxe5 Kg8 $1 12. O-O $1 (12. exf6 Bb4+ 13. Kf2 Qxf6+ $40) 12... Nd5 13. Ne4
$44 (13. Qg4 Nxc3 14. bxc3 (14. Bh6 $4 Qxd4+ $19) 14... Qd5 $15)) 9. d4 d5 $6
10. f5+ Kd7 $2 (10... Kf7 11. e5 Ne4 12. Nxe4 dxe4 13. Be3 $44) 11. e5 Bb4 12.
O-O $1 Bxc3 13. bxc3 Ne4 14. Qg4 $1 Kc8 (14... h5 15. Qxg7+ Kc8 16. f6 $18) 15.
f6+ Qd7 $2 (15... Kb8 16. Qxg7 b5 (16... Rg8 17. Qxg8 $1 Qxg8 18. f7 Qf8 19.
Bh6 $18) 17. f7 Kb7 18. Ba3 $18) 16. fxg7 $18 {Montavon,G-Pichl,U/Leipzig 1998/
EXT 99}) (5... c6 6. d4 Be7 7. Bc4+ Be6 (7... d5 8. exd5 cxd5 9. Nxd5 Be6 10.
Ne3 Bxc4 11. Nxc4 Nc6 12. c3 $13) 8. Bxe6+ Kxe6 9. O-O Kd7 $6 (9... Rf8 $142 {
[%cal Ge6f7,Gf7g8]}) 10. e5 Ne8 11. Bf4 Kc7 12. Ne4 (12. d5 $1 $44) 12... Qd7 (
12... d5 $1) 13. exd6+ Bxd6 14. Nxd6 Nxd6 15. d5 c5 $6 (15... Rf8 16. Bg3 $44)
16. Re1 Re8 $6 17. Qd2 $36 Na6 $4 18. Qa5+ $18 {Jepson,C-Muller,P/Hallsberg
1991/EXT 97}) 6. Bc4+ Be6 {Fast erzwungen,} ({nach} 6... Ke8 $6 {ist die
weitere schwarze Entwicklung sehr erschwert und der König bleibt im Zentrum,
was ziemlich gefährlich sein kann.}) 7. Bxe6+ Kxe6 8. d4 Kf7 $5 (8... cxd4 9.
Qxd4 Nc6 10. Qc4+ $44) 9. dxc5 Nc6 10. Qe2 $5 (10. cxd6 Bxd6 {gefolgt von Te8
und Schwarz hat seine Figuren schneller mobilisiert als Weiss.}) 10... Qd7 11.
Be3 {Meiner Meinung nach ist hier der Bauer wichtiger als eine Tempo, also} (
11. cxd6 $142 Bxd6 12. Qc4+ $13) 11... dxc5 12. f4 Re8 13. e5 Ng4 14. Rd1 Qf5
15. O-O h5 $1 ({Interessant, aber auch ein bißchen riskant war} 15... Nb4 16.
Bc1 $1 Be7 (16... Nxc2 $2 17. Ne4 $1 ({Staerker als} 17. h3 h5) 17... Nd4 18.
Qc4+ Kg6 (18... Ne6 19. Ng3 $18) 19. Ng3 b5 $8 20. Qd5 Nf6 $8 21. Qb7 (21. Qxd4
cxd4 22. Nxf5 Kxf5 23. exf6 gxf6 $11) 21... Re7 (21... Qd7 $4 22. f5+ $18) 22.
Qa8 Qg4 (22... Re8 23. Qxa7 Re7 24. Qxc5 $18) 23. f5+ Kf7 24. exf6 gxf6 25.
Qd5+ $18) 17. Ne4 h5 18. h3 Nh6 19. a3 Na6 (19... Nc6 20. Qc4+ Kg6 (20... Qe6
$4 21. Ng5+ Bxg5 22. fxg5+ $18) 21. Ng3 Qf7 (21... Qc8 22. f5+ Kh7 23. Bxh6 $18
) 22. e6 Qf6 (22... Qf8 23. Qe4+ Nf5 24. Rd5 Ncd4 25. Nxf5 Nxf5 26. g4 $18) 23.
Qe4+ Nf5 24. Rd5 Ncd4 25. Nxf5 Nxf5 26. g4 hxg4 27. hxg4 Rh4 28. Qxf5+ Qxf5 29.
gxf5+ Kh6 (29... Kf6 $2 30. b4 $18) 30. Rd7 $18 {_|_}) 20. Qc4+ Kf8 21. Ng3 Qg6
22. Rd3 {mit unangenehmen Drohung f5.}) ({Auch} 15... Nxe3 16. Qxe3 Qxc2 {
geht nicht} (16... Nd4 17. Ne4 Kg8 18. c3 $16) {wegen} 17. Rd7+ (17. Ne4 Rd8)
17... Re7 (17... Kg8 18. f5 $3 Nxe5 (18... Rxe5 19. Qf4 $1 {[%csl Rc2,Rf7]
[%cal Gf5f6]} Be7 20. Rd2 $18) 19. Rd5 $16) 18. f5 $3 Qxb2 (18... Rxd7 19. e6+
Ke7 20. exd7+ Kxd7 21. Rf2 $18) 19. Rd2 Qa3 (19... Qb6 $2 20. e6+ Kg8 (20...
Ke8 21. Nd5 Qd8 22. f6 $18) 21. Nd5 Qa5 22. f6 $18) (19... Qb4 20. e6+ Kg8 (
20... Ke8 21. Nd5 Qg4 22. f6 $18)) 20. f6 gxf6 (20... Re6 21. Qh3 $1 Nd4 22.
Rxd4 cxd4 23. fxg7+ Kxg7 24. Qxe6 $18) 21. Qg5 $1 Nxe5 22. Qxf6+ Ke8 23. Qxh8
Ng6 24. Qf6 Bh6 (24... Bg7 25. Qd6 $18) 25. Qf5 $1 {mit entscheidendem
Mattangriff.}) 16. Bc1 Nd4 17. Qc4+ Kg6 (17... Qe6 $5 18. Qa4 (18. Qd3 Be7 19.
Ne4 Rd8 $17) 18... Kg8 19. h3 Nh6 (19... b5 20. Nxb5 Ne2+ 21. Kh1 Ng3+ 22. Kg1
Ne2+ 23. Kh1 Rb8 (23... Ng3+ $11) 24. Rf3 $13) 20. Qxa7 b5 21. a4 $13 (21. Rd2
Nhf5)) 18. h3 Nh6 19. Nb5 a6 (19... Qxc2 $4 20. Rxd4) (19... Nxc2 $5 20. Nxa7 (
20. Nd6 Bxd6 21. Rxd6+ Kh7 22. Qxc5 Qe4 $17) 20... Be7 21. Nb5 $15) 20. Nxd4
cxd4 21. Qxd4 Rc8 $6 (21... Qxc2 $142 22. Rf2 (22. Qb6+ Qc6) 22... Qc6 (22...
Qf5 23. Be3 $15) 23. Qd3+ (23. f5+ Nxf5 24. Qf4 Nh6 $17) 23... Nf5 24. Be3 h4
$17 {_|_}) 22. Qb6+ Kh7 23. Qxb7 Rxc2 24. Be3 (24. Qxa6 $2 Bc5+ $1 (24... Qe4
25. Qd3 Rxg2+ 26. Kh1 Qxd3 27. Rxd3 Re2 28. Rd2 (28. Bd2 Nf5 {[%csl Rg3][%cal
Gh5h4,Gh4g3,Gf5g3]}) 28... Re3 $13) 25. Kh2 Qe4 26. Rd2 (26. Qd3 $4 Rxg2+ 27.
Kh1 Rg1+ 28. Kh2 Qxd3 $19) (26. Bd2 Rd8 $19) 26... Rxc1 27. Rxc1 Qxf4+ 28. Kh1
Qxd2 29. Rxc5 Qe1+ 30. Kh2 Rd8 $1 {[%csl Rh2][%cal Gh6g4,Gd8d1,Ge1h4]} 31. Qa4
Rd2 $19) 24... Qg6 (24... Re2 $5 25. Bd4 Qe4 (25... Re4 26. Qxa6 Rxf4 $13) 26.
Qxe4+ Rxe4 $15) 25. Rc1 $1 Rxc1 (25... Nf5 $5 26. Bf2 $1 (26. Rxc2 Nxe3) 26...
Rxc1 {-- Partie}) 26. Rxc1 Nf5 27. Bf2 h4 28. Rc7 (28. Rc6 Qh5 $132) 28... Ng3
29. Kh2 Nf1+ 30. Kg1 Qb1 31. Bxh4 Bc5+ $1 (31... Bc5+ 32. Rxc5 Ng3+ 33. Kh2 (
33. Kf2 $4 Ne4+ $19) 33... Nf1+ $11) 1/2-1/2

[Event "ISR-chT"]
[Site "Ramat Aviv"]
[Date "2000.04.28"]
[Round "9.2"]
[White "Rechlis, Gad"]
[Black "Zak, Uriel"]
[Result "1-0"]
[WhiteElo "2507"]
[BlackElo "2341"]
[Annotator "Blatny,P"]
[PlyCount "81"]
[EventDate "2000.01.14"]
[EventType "team"]
[EventRounds "11"]
[EventCountry "ISR"]
[SourceTitle "CBM 077"]
[Source "ChessBase"]
[SourceDate "2000.07.27"]
[SourceVersion "1"]
[SourceVersionDate "2000.07.27"]
[SourceQuality "1"]
[WhiteTeam "Jerusalem Elitzur"]
[BlackTeam "Maccabi Afek"]
[WhiteTeamCountry "ISR"]
[BlackTeamCountry "ISR"]

1. e4 e5 2. Nf3 Nf6 3. Nxe5 d6 4. Nf3 Nxe4 5. d4 d5 6. Bd3 Bd6 7. O-O O-O 8. c4
c6 9. Nc3 Nxc3 10. bxc3 dxc4 11. Bxc4 Bg4 12. Rb1 b5 13. Bd3 Nd7 14. a4 (14.
Re1 Nb6 15. Bc2 Re8 16. Bg5 Qc7 17. Qd3 g6 18. h3 Bf5 (18... Be6 19. Ra1 Bc4
20. Qd2 Bd5 21. Rxe8+ Rxe8 $15 {0-1 BountyHunter-Crafty on ICC/Internet Chess
Club 1999 (36)}) 19. Qd1 Rxe1+ 20. Nxe1 Bxc2 21. Nxc2 Re8 22. Ne3 Bh2+ 23. Kh1
Bf4 24. Bxf4 {1/2-1/2 Short,N-Makarichev,S/Rotterdam 1988/Inf 46}) 14... bxa4
15. h3 (15. Be4 Nf6 16. Bg5 h6 17. Bxf6 Qxf6 18. h3 Bh5 19. Bxc6 Rac8 20. d5 a3
21. Qd4 Bxf3 22. Qxf6 gxf6 23. gxf3 Rb8 $36 {0-1 Lukov Valentin-Radev Nikolai/
It Primorsko (Bulgaria) 1987 (37)}) (15. Qxa4 $2 Bxf3 16. gxf3 Qh4 $19) 15...
Bh5 16. Be4 (16. Qxa4 Bxf3 17. gxf3 Nf6 $13) 16... Nb6 17. c4 Nxc4 18. Qxa4 Nb6
19. Qxc6 Rc8 (19... Re8 20. Bg5 f6 21. Be3 $11) 20. Qb5 Bg6 21. Bxg6 hxg6 22.
Ra1 Rc7 23. Bd2 Nc4 24. Bg5 (24. Rfd1 Qd7 25. Qxd7 Rxd7 $11) 24... Qd7 (24...
Qa8 25. Rfe1 $14) 25. Qa6 (25. Qxd7 Rxd7 26. Rfc1 Rc8 $13) 25... Re8 26. Rfc1
Rec8 27. Re1 Nb6 28. Qd3 Qf5 (28... Nd5 29. Bd2 $11) 29. Qxf5 gxf5 30. Ra5 $2 (
30. Re2 $142) 30... g6 $4 {} (30... Bb4 $142 31. Rxf5 Bxe1 32. Nxe1 Rd7 $19)
31. Rea1 Ra8 32. Ra6 Rb7 33. Ne5 $11 (33. Kf1 $5 Kf8 {[+]}) 33... Bxe5 34. dxe5
Nd5 35. Rd6 Nc3 36. f3 Nb5 37. Rd3 a5 38. Ra4 (38. Rd8+ Rxd8 39. Bxd8 Nd4 40.
Rxa5 Ne6 $16) 38... Rba7 (38... Nc7 $5) 39. Bf6 $1 {[%csl Gg8][%cal Ga4h4,
Gh4h8]} g5 $6 (39... Ra6 $5 40. Rd7 (40. Rh4 Rxf6 41. exf6 a4 42. Rb4 $16 {
Pa->Q}) 40... Nc3 41. Rh4 Rxf6 42. exf6 a4 $16) 40. f4 $5 (40. Bxg5 $18) 40...
Kh7 (40... Rc8 41. fxg5 Ra6 42. Rd6 Rc1+ 43. Kh2 $18) (40... gxf4 41. Rxf4 Ra6
42. Rh4 Rxf6 43. exf6 f4 44. Rd5 Rb8 45. Rg5+ Kf8 46. Rh8#) 41. fxg5 (41. fxg5
f4 42. Rxf4 $18) 1-0

[Event "Tilburg"]
[Site "Tilburg"]
[Date "1994.??.??"]
[Round "1"]
[White "Reinderman, Dimitri"]
[Black "Alterman, Boris"]
[Result "0-1"]
[WhiteElo "2450"]
[BlackElo "2585"]
[Annotator "Blatny,P"]
[PlyCount "46"]
[EventDate "1994.09.??"]
[EventType "k.o."]
[EventRounds "7"]
[EventCountry "NED"]
[SourceTitle "CBM 044"]
[Source "ChessBase"]
[SourceDate "1995.02.01"]
[SourceVersion "1"]
[SourceVersionDate "1995.02.01"]
[SourceQuality "1"]

1. e4 e5 2. Nf3 Nf6 3. Nc3 Bb4 4. Nxe5 O-O 5. Be2 Re8 6. Nc4 (6. Nd3 Bxc3 7.
dxc3 Nxe4 8. Nf4 (8. O-O d5 $10) 8... d6 9. O-O Nd7 10. c4 Ndf6 11. f3 Nc5 12.
b3 Qe7 13. Rf2 Qe5 14. Rb1 Bd7 15. Bf1 Ne6 16. Nd3 Qh5 17. Bb2 a5 18. Qd2 Bc6 {
Nijboer,F-Piket,J/NED-ch/1994/} 19. Re1 $14) 6... Nxe4 (6... Bxc3 7. dxc3 Nxe4
8. Ne3 d6 9. O-O Nc6 (9... Nd7 10. Qd4 $14) 10. Nd5 Bf5 $13) 7. Nxe4 Rxe4 8. c3
Bf8 (8... d5 $5 9. Ne3 (9. d3 Re8 10. cxb4 dxc4 11. dxc4 Qe7 12. b5 (12. a3 Qe4
$132 {קg2,Pc4}) 12... Qe4 13. Kf1 Bh3 14. Rg1 $14) 9... Bf8 10. d4 Re8 $10) 9.
d4 Re8 10. Bf4 d5 11. Ne3 (11. Ne5 Nd7 12. Nd3 (12. O-O Bd6 $10) 12... c5 $10)
11... c6 12. Bd3 Be6 13. Qh5 (13. O-O $142 Nd7 $10) (13. Qc2 $5) 13... g6 14.
Qf3 $2 (14. Qe2 $142) 14... c5 $1 15. dxc5 $6 (15. Bb5 Nc6 $15 (15... cxd4 16.
Bxe8 Qxe8 17. cxd4 Qb5 18. O-O-O $1 $13)) 15... d4 $1 16. cxd4 Qxd4 17. Rd1
Qb4+ (17... Bd5 $6 18. Qg3 Bxg2 19. Qxg2 $1 Qxf4 20. Qxb7 Bxc5 21. Qxa8 Bxe3
22. O-O $1 (22. fxe3 Qxe3+ 23. Kf1 Qf4+ 24. Kg1 Qe3+ 25. Kg2 Qg5+ $10) 22...
Bxf2+ (22... Bb6 $5) 23. Kh1 {/\Qg2+- בf}) 18. Kf1 (18. Rd2 Bxa2 19. Bd6 Bg7
$17) 18... Nc6 $17 {עf1,Rh1} 19. Bd6 Bxd6 20. cxd6 Rad8 $1 21. Qg3 Rxd6 22.
Nc2 (22. a3 Rxd3 $3 23. Rxd3 (23. axb4 $4 Rxd1+ $19) 23... Qb5 $19) 22... Qc5
23. Qe3 Rxd3 $1 (23... Rxd3 24. Rxd3 (24. Qxc5 Rxd1+ 25. Ne1 (25. Ke2 Bg4#)
25... Bc4+ 26. Qxc4 Rexe1#) (24. Qxd3 Bc4) 24... Qxc2 $19) 0-1

[Event "Corus"]
[Site "Wijk aan Zee"]
[Date "2000.01.24"]
[Round "8"]
[White "Short, Nigel D"]
[Black "Adams, Michael"]
[Result "0-1"]
[WhiteElo "2683"]
[BlackElo "2715"]
[Annotator "Blatny,P"]
[PlyCount "134"]
[EventDate "2000.01.15"]
[EventType "tourn"]
[EventRounds "13"]
[EventCountry "NED"]
[EventCategory "18"]
[SourceTitle "CBM 075"]
[Source "ChessBase"]
[SourceDate "2000.04.05"]
[SourceVersion "1"]
[SourceVersionDate "2000.04.05"]
[SourceQuality "1"]

1. e4 e5 2. Nf3 Nf6 3. Nxe5 d6 4. Nf3 Nxe4 5. d4 d5 6. Bd3 Bd6 7. c4 Bb4+ 8.
Nbd2 O-O (8... Nxd2 9. Nxd2 Qe7+ 10. Be2 dxc4 11. O-O O-O 12. Nxc4 Be6 13. a3
Bxc4 14. Bxc4 Bd6 15. Re1 Qh4 16. g3 Qh3 17. Qf3 Nc6 18. Re4 $14 {1-0 Gibis,
R-Endler,J/Regionalliga SO9899 1999/EXT 2000 (44)}) 9. O-O Bxd2 10. Bxd2 Bg4
11. Be3 (11. Bf4 Nc6 12. Re1 Nxd4 13. Bxe4 dxe4 14. Qxd4 exf3 15. Qxd8 Rfxd8
16. Bxc7 Rd2 17. b3 fxg2 18. Kxg2 h6 19. Bf4 Rd3 20. Re3 Rxe3 21. Bxe3 $11 {
1/2-1/2 Tarrasch,S-Marshall,F/St Petersburg prel 1914/HCL (47)}) 11... Nc6 12.
h3 Bh5 13. Rc1 Re8 14. a3 dxc4 15. Bxc4 Qf6 16. Be2 h6 17. Qb3 Rab8 (17... Ng5
18. Bxg5 hxg5 19. Qxb7 Bxf3 20. Bxf3 Nxd4 21. Bg4 $14) 18. Rfe1 Nd6 $6 (18...
Bxf3 $142 $5 19. Bxf3 Nxd4 20. Bxd4 Qxd4 $11) 19. g4 Bg6 20. d5 Ne5 (20... Na5
21. Qb4 Nac4 22. Rxc4 (22. Bxc4 $143 Qxf3 23. Be2 Qxh3 $17) 22... Nxc4 23. Qxc4
Qxb2 24. Qxc7 Qxa3 25. Bb5 $16) 21. Nxe5 Qxe5 22. Rxc7 Ne4 (22... Be4 23. Rd1
Rbd8 24. Rd2 $16) 23. Rcc1 b6 24. Bf1 Rbd8 25. Rcd1 f5 26. Bg2 $16 (26. Bb5 Rf8
27. Be2 fxg4 28. Bxg4 $16) 26... fxg4 $6 27. hxg4 Kh7 28. f3 $2 (28. Rd4 $5 $16
) (28. f4 $142 $1 Qd6 29. f5 Bf7 30. Bxb6 $1 Nc5 31. Bxc5 Qxc5+ 32. Kh2 Rxe1
33. Rxe1 Bxd5 34. Re5 Qc7 35. Qc3 $16) 28... Qg3 $1 29. Qb4 $2 (29. fxe4 Bxe4
30. Re2 Rxd5 31. Rxd5 Bxg2 32. Rxg2 Qe1+ 33. Kh2 Qh4+ $11) (29. Kf1 Rf8 $40)
29... a5 $1 (29... Rc8 30. fxe4 Bxe4 31. Re2 Bxg2 32. Rxg2 Qxe3+ 33. Kh2 $15)
30. Qd4 (30. Qxb6 Ng5 31. Rf1 Nh3+ 32. Kh1 Qh4 33. Bxh3 Qxh3+ 34. Kg1 Qg3+ 35.
Kh1 Re4 $17) 30... Ng5 $1 31. Rf1 (31. Kf1 Nxf3 32. Bf2 Rxe1+ 33. Rxe1 Qxg2+
34. Kxg2 Nxd4 35. Bxd4 Rxd5 36. Bxb6 Rd2+ 37. Kf3 a4 $11) 31... Rxd5 $1 32.
Qxd5 Rxe3 33. Rd2 (33. Qd6 Nh3+ $1 34. Kh1 Nf4 $19) 33... Nxf3+ $3 34. Rxf3
Rxf3 35. Qxf3 Qe1+ 36. Qf1 Qxd2 37. Qf2 Qd1+ 38. Kh2 Qxg4 39. Qxb6 Qf4+ $17 40.
Kg1 Qc1+ 41. Kh2 Qd2 42. Kg1 h5 43. Qc5 h4 44. Qe5 Kh6 45. b4 $19 axb4 46. axb4
Qxb4 47. Qe3+ Kh7 48. Qg5 Qd4+ 49. Kh2 Qf2 50. Kh3 Bf5+ 51. Kh2 Bg6 52. Kh3
Bf5+ 53. Kh2 Kg8 54. Kh1 Qe1+ 55. Kh2 Qe5+ 56. Kg1 Qd4+ 57. Kh2 Qf6 58. Bd5+
Kf8 59. Qxf6+ gxf6 60. Kg2 Ke7 61. Kf3 Kd6 62. Bf7 Ke5 63. Be8 Be6 64. Bb5 Kf5
65. Bd3+ Kg5 66. Be4 Bg4+ 67. Ke3 Bd1 0-1

[Event "CRO-ch"]
[Site "Pula"]
[Date "2000.01.09"]
[Round "3"]
[White "Palac, Mladen"]
[Black "Fercec, Nenad"]
[Result "1-0"]
[WhiteElo "2610"]
[BlackElo "2476"]
[Annotator "Blatny,P"]
[PlyCount "75"]
[EventDate "2000.01.07"]
[EventType "tourn"]
[EventRounds "13"]
[EventCountry "CRO"]
[EventCategory "8"]
[SourceTitle "CBM 075"]
[Source "ChessBase"]
[SourceDate "2000.04.05"]
[SourceVersion "1"]
[SourceVersionDate "2000.04.05"]
[SourceQuality "1"]

1. e4 e5 2. Nf3 Nf6 3. Nxe5 d6 4. Nf3 Nxe4 5. d4 d5 6. Bd3 Nc6 7. O-O Be7 8. c4
Nb4 9. Be2 O-O 10. a3 Nc6 11. cxd5 Qxd5 12. Nc3 Nxc3 13. bxc3 Na5 14. Bf4 Bf5
15. Bxc7 Rac8 (15... b6 16. c4 Nxc4 17. Qb3 Be6 18. Bxc4 Qxc4 19. Qxc4 Bxc4 20.
Rfe1 Rfe8 21. Nd2 Be6 22. Ne4 Rec8 23. Rec1 Bd5 24. Nd6 Bxd6 {1/2-1/2 Lytchak,
B-Simon,H/NRW-Liga II 9899 1999/EXT 2000}) 16. Bxa5 Qxa5 17. c4 Bf6 18. Bd3 (
18. Qb3 Qb6 {1/2-1/2 Svidler,P-Sakaev,K/RUS-ch51 1998/CBM 67}) 18... Rfd8 19.
Bxf5 (19. Rb1 $5 Bg4 20. d5 $13) 19... Qxf5 20. Qa4 a6 (20... Bxd4 $5 21. Nxd4
Rxd4 22. Qxa7 Rdxc4 23. Qxb7 Rc2 $132) 21. c5 {[%csl Ra6,Gb6,Rb7,Gc5,Rc6,Gd4,
Rd5]} g6 22. Rab1 Qd5 23. Rb4 Kg7 24. Rfb1 Rc7 25. h3 h5 26. Qb3 Qxb3 27. R1xb3
(27. R4xb3 $6 Bxd4 28. Nxd4 Rxd4 29. Rxb7 Rxc5 $11) 27... Rdd7 28. g4 hxg4 29.
hxg4 Kf8 30. g5 Bg7 31. Re3 Rd5 (31... a5 32. Ra4 Rd5 33. Kf1 $16) 32. Re4 Rcd7
33. Kf1 a5 (33... f6 34. gxf6 Bxf6 35. Rb6 Bxd4 36. Nxd4 Rxd4 37. Rxd4 Rxd4 38.
Rxb7 {_|_}) 34. Ra4 f5 (34... Rd8 35. Rxa5 Bxd4 36. Nxd4 Rxd4 37. Rxd4 Rxd4 38.
Rb5 {[%cal Gf1e2,Ge2e3,Gf2f4] קb7}) 35. gxf6 Bxf6 36. Rxa5 Bxd4 (36... Kf7 37.
Rb5 $18) 37. c6 $1 bxc6 (37... Rxa5 38. cxd7 Bb6 39. Re8+ $18) 38. Rxd5 (38.
Rxd5 cxd5 39. Rxd4 $18) 1-0